Technology, equipment and services: (Record no. 34788)
[ view plain ]
| 000 -LEADER | |
|---|---|
| fixed length control field | 00542nam a22001457a 4500 |
| 008 - FIXED-LENGTH DATA ELEMENTS--GENERAL INFORMATION | |
| fixed length control field | 230525b |||||||| |||| 00| 0 eng d |
| 040 ## - CATALOGING SOURCE | |
| Original cataloging agency | National Science Library |
| Transcribing agency | National Science Library |
| 080 ## - UNIVERSAL DECIMAL CLASSIFICATION NUMBER | |
| Universal Decimal Classification number | R 334.746.3/.4:6(540) |
| Item number | M8 |
| 245 ## - TITLE STATEMENT | |
| Title | Technology, equipment and services: |
| Remainder of title | From small and medium enterprises in India |
| Statement of responsibility, etc. | / National Alliance of Young Entrepreneurs |
| 260 ## - PUBLICATION, DISTRIBUTION, ETC. | |
| Place of publication, distribution, etc. | New Delhi: |
| Name of publisher, distributor, etc. | National Alliance of Young Entrepreneurs, |
| Date of publication, distribution, etc. | 1988 |
| 300 ## - PHYSICAL DESCRIPTION | |
| Extent | xii, 379p. |
| 650 ## - SUBJECT ADDED ENTRY--TOPICAL TERM | |
| Topical term or geographic name entry element | Economics |
| 653 ## - INDEX TERM--UNCONTROLLED | |
| Uncontrolled term | Enterprises |
| 942 ## - ADDED ENTRY ELEMENTS (KOHA) | |
| Source of classification or shelving scheme | Universal Decimal Classification |
| Koha item type | Reference |
| Withdrawn status | Lost status | Source of classification or shelving scheme | Damaged status | Not for loan | Collection | Home library | Current library | Shelving location | Date acquired | Total Checkouts | Full call number | Barcode | Date last seen | Price effective from | Koha item type |
|---|---|---|---|---|---|---|---|---|---|---|---|---|---|---|---|
| Universal Decimal Classification | Reference | National Science Library | National Science Library | GF/RK-25/C-6/R-2 | 09/06/1989 | R 334.746.3/.4:6(540) M8 | 170043 | 25/05/2023 | 09/06/1989 | Reference |